000 01024nmm a2200301 a 4500
001 ocm0002015305
003 TR-IsHL
005 20201028175147.0
008 181016s2016 tu tur
007 cr cn
020 _a978­605­4921­69­0
035 _a2015305
_b(N$T)
050 0 4 _aPL248.G87
_bG8 2016
090 0 4 _aPL248.G87
_bG8 2016
100 1 _aGürpınar, Hüseyin Rahmi
245 1 0 _aGulyabani
_h[electronic resource] /
_cHüseyin Rahmi Gürpınar ; Genel Yayın Yönetmeni Ahmet Nuri Yüksel; Sadeleştiren Osman­Sevim
250 _a2. Basım
260 _aİstanbul :
_bBilge Kültür Sanat Yayınları,
_c2016
300 _a176 p.
650 4 _aDil ve Edebiyat
650 4 _aLanguage and Literature
650 0 _aTürk roman
650 0 _aTurkish fiction
650 7 _aLITERARY COLLECTIONS / Middle Eastern
_2bisacsh
700 1 _aYüksel, Ahmet Nuri
700 1 _aSevim, Osman
856 4 0 _uhttp://search.ebscohost.com/login.aspx?direct=true&scope=site&db=e011xww&AN=2015305
999 _c18537
_d18537